500 Actors by Picture - Statistics

General Stats
  • This quiz has been taken 717 times
  • The average score is 145 of 500
Answer Stats
Picture Answer % Correct
Leonardo DiCaprio
93%
Will Smith
93%
Brad Pitt
91%
Tom Hanks
91%
Jack Black
90%
Johnny Depp
88%
Morgan Freeman
87%
Tom Cruise
87%
Dwayne "the Rock" Johnson
86%
Cillian Murphy
84%
Daniel Craig
84%
Samuel L. Jackson
84%
George Clooney
82%
Harrison Ford
82%
Nicolas Cage
81%
Ryan Gosling
81%
Ryan Reynolds
79%
Ben Stiller
78%
Christian Bale
78%
Chris Hemsworth
77%
Matt Damon
77%
Robert Pattinson
77%
Robin Williams
77%
Timothée Chalamet
77%
Willem Dafoe
77%
Hugh Jackman
76%
Robert De Niro
76%
Eddie Murphy
75%
Adam Sandler
74%
Arnold Schwarzenegger
74%
Anthony Hopkins
73%
Jamie Foxx
73%
Robert Downey Jr.
73%
Rowan Atkinson
73%
Sylvester Stallone
73%
Tom Holland
73%
Andrew Garfield
72%
Al Pacino
71%
Danny DeVito
71%
Jake Gyllenhaal
71%
Bruce Willis
70%
Clint Eastwood
70%
Tobey Maguire
70%
Bradley Cooper
69%
Jack Nicholson
69%
Jason Statham
69%
Ben Affleck
68%
Jason Momoa
67%
Mark Ruffalo
67%
Vin Diesel
67%
Benedict Cumberbatch
65%
Jim Carrey
65%
Edward Norton
64%
Idris Elba
64%
Chris Evans
63%
Chris Pratt
63%
John Cena
63%
John Travolta
63%
Liam Neeson
63%
Paul Rudd
63%
Steve Carell
63%
Adam Driver
62%
Mark Wahlberg
62%
Hugh Grant
61%
Bill Murray
60%
Ian McKellen
60%
Tom Hardy
60%
Adrien Brody
59%
Charlie Sheen
59%
Henry Cavill
59%
Marlon Brando
59%
Russell Crowe
59%
David Schwimmer
57%
Heath Ledger
57%
Matthew McConaughey
57%
Michael Caine
56%
Will Ferrell
56%
Woody Harrelson
56%
Elijah Wood
55%
Ice Cube
55%
James Dean
55%
Jeff Goldblum
54%
Forest Whitaker
53%
Javier Bardem
53%
Kevin Costner
53%
Patrick Stewart
53%
Colin Farrell
52%
Jude Law
52%
Michael B. Jordan
52%
Michael Douglas
52%
Antonio Banderas
51%
Ben Kingsley
51%
Christopher Walken
51%
Gary Oldman
51%
Richard Gere
51%
Colin Firth
50%
Jeff Bridges
50%
Peter Dinklage
50%
Alan Rickman
49%
Ewan McGregor
49%
Joe Pesci
49%
Laurence Fishburne
49%
Philip Seymour Hoffman
49%
Robert Redford
49%
Kevin Bacon
48%
Stanley Tucci
48%
Steve Martin
48%
Alec Baldwin
47%
Donald Sutherland
47%
Ethan Hawke
47%
John Wayne
47%
Matthew Perry
47%
Rupert Grint
47%
Christopher Lee
46%
Kieran Culkin
46%
Sean Penn
46%
Chris Pine
45%
Gene Hackman
45%
Gene Wilder
45%
Hugh Laurie
45%
James Franco
45%
Jonah Hill
45%
Kurt Russell
45%
Mel Gibson
45%
Michael Keaton
45%
Viggo Mortensen
45%
Bryan Cranston
44%
Denzel Washington
44%
Tommy Lee Jones
44%
Andy Serkis
43%
John Goodman
43%
Eddie Redmayne
42%
J. K. Simmons
42%
Kevin Spacey
42%
Martin Freeman
42%
Orlando Bloom
42%
Burt Reynolds
41%
Dave Bautista
41%
Dustin Hoffman
41%
Jeremy Irons
41%
Leslie Nielsen
41%
Martin Sheen
41%
Seth Rogen
41%
Sidney Poitier
41%
Steve Buscemi
41%
Brendan Fraser
40%
Finn Wolfhard
40%
Josh Brolin
39%
Mads Mikkelsen
39%
Mike Myers
39%
Roger Moore
39%
Simon Pegg
39%
Andy Samberg
38%
Benicio Del Toro
38%
Donald Glover
38%
James Earl Jones
38%
Sean Bean
38%
Sebastian Stan
38%
Steven Seagal
38%
Humphrey Bogart
37%
James McAvoy
37%
James Stewart
37%
Jean Reno
37%
Tom Selleck
37%
Bruce Lee
36%
Dennis Quaid
36%
Robert Duvall
36%
William Shatner
36%
Daniel Day-Lewis
35%
James Gandolfini
35%
Rob Lowe
35%
Stellan Skarsgård
35%
Chevy Chase
34%
Jesse Eisenberg
34%
Jon Voight
34%
Paul Newman
34%
Barry Keoghan
33%
Clark Gable
33%
John Cleese
33%
William H. Macy
33%
Casey Affleck
32%
Mark Hamill
32%
Ralph Fiennes
32%
Bob Odenkirk
31%
Cary Grant
31%
Dan Aykroyd
31%
Danny Glover
31%
Gerard Butler
31%
Jason Bateman
31%
John Candy
31%
John Malkovich
31%
Kirk Douglas
31%
Mahershala Ali
31%
Nicholas Hoult
31%
Charlie Chaplin
30%
Eric Bana
30%
Luke Wilson
30%
Michael Fassbender
30%
Ted Danson
30%
David Harbour
29%
Gérard Depardieu
29%
Giancarlo Esposito
29%
Matt Dillon
29%
Ray Liotta
29%
Steve McQueen
29%
Vincent Cassel
29%
Aaron Taylor-Johnson
28%
Brendan Gleeson
28%
Cuba Gooding Jr.
28%
Daniel Kaluuya
28%
Dave Franco
28%
Ed Harris
28%
Jon Favreau
28%
Jon Hamm
28%
Tim Curry
28%
Yul Brynner
28%
Danny Trejo
27%
Jeremy Allen White
27%
Larry David
27%
Paul Mescal
27%
Ron Perlman
27%
Dolph Lundgren
26%
Jack Lemmon
26%
Jeff Daniels
26%
Nick Nolte
26%
Timothy Dalton
26%
Zach Galifianakis
26%
Alan Alda
25%
Charles Dance
25%
Dick Van Dyke
25%
Richard Attenborough
25%
Warren Beatty
25%
Will Poulter
25%
Alfred Molina
24%
Christopher Lloyd
24%
David Tennant
24%
Jesse Plemons
24%
Matthew Broderick
24%
Paul Bettany
24%
Simu Liu
24%
Tim Roth
24%
James Cagney
23%
Jason Sudeikis
23%
Jeffrey Dean Morgan
23%
Mark Strong
23%
Peter Sellers
23%
Rainn Wilson
23%
Walter Matthau
23%
Walton Goggins
23%
Aaron Eckhart
22%
Christian Slater
22%
Gregory Peck
22%
Guy Pearce
22%
Jack Quaid
22%
James Marsden
22%
Jean-Claude Van Damme
22%
Paul Dano
22%
Peter O'Toole
22%
Brian Cox
21%
Charles Bronson
21%
David Carradine
21%
Eric Roberts
21%
Fred Astaire
21%
Orson Welles
21%
Spencer Tracy
21%
Anthony Starr
20%
Bill Nighy
20%
Chris Farley
20%
Geoffrey Rush
20%
Harvey Keitel
20%
Jeffrey Wright
20%
John Lithgow
20%
Lee Van Cleef
20%
Marlon Wayans
20%
Martin Short
20%
Seth Green
20%
Adam Scott
19%
Alan Cumming
19%
Alec Guinness
19%
Josh Gad
19%
Michael Gambon
19%
Norman Reedus
19%
Roberto Benigni
19%
Sam Neill
19%
Taron Egerton
19%
Tim Robbins
19%
Andrew Lincoln
18%
Benny Hill
18%
Carl Weathers
18%
Hugo Weaving
18%
Jerry Lewis
18%
John Belushi
18%
Ken Jeong
18%
Liev Schreiber
18%
Alan Arkin
17%
Bill Hader
17%
Domhnall Gleeson
17%
F. Murray Abraham
17%
Henry Fonda
17%
Jensen Ackles
17%
Steve Coogan
17%
Burt Lancaster
16%
Charlton Heston
16%
Christopher Plummer
16%
Damian Lewis
16%
Djimon Hounsou
16%
Elliott Gould
16%
Ian McShane
16%
Jim Broadbent
16%
Joseph Quinn
16%
Nick Frost
16%
Nikolaj Coster-Waldau
16%
Patton Oswalt
16%
Richard E. Grant
16%
Rutger Hauer
16%
Tyler Perry
16%
Warwick Davis
16%
Bob Hope
15%
Charles Laughton
15%
Chris Cooper
15%
Greg Kinnear
15%
Hank Azaria
15%
Jim Belushi
15%
Luke Evans
15%
Richard Burton
15%
Riz Ahmed
15%
Vincent Price
15%
Charlie Day
14%
Gary Cooper
14%
Jason Isaacs
14%
John Cazale
14%
Luis Guzmán
14%
Peter Cushing
14%
Richard Madden
14%
Toby Jones
14%
Billy Bob Thornton
13%
Ernest Borgnine
13%
Ken Watanabe
13%
Matthew Lillard
13%
Robert Mitchum
13%
Tony Curtis
13%
Vincent D'Onofrio
13%
Adam DeVine
12%
Bill Paxton
12%
Bruce Campbell
12%
David Niven
12%
Gene Kelly
12%
John Rhys-Davies
12%
Matthew Modine
12%
Mickey Rooney
12%
Thomas Haden Church
12%
Zachary Quinto
12%
Alfie Allen
11%
Bernard Hill
11%
George C. Scott
11%
Stephen Merchant
11%
William Hurt
11%
Alan Tudyk
10%
Ben Schwartz
10%
Chris O'Dowd
10%
John Hurt
10%
Jon Lovitz
10%
Keith David
10%
Michael Shannon
10%
Richard Ayoade
10%
Alan Ritchson
9%
Clive Owen
9%
Danny McBride
9%
Edward G. Robinson
9%
Eric Idle
9%
Errol Flynn
9%
Frank Grillo
9%
Joel Edgerton
9%
John Hannah
9%
Kumail Nanjiani
9%
Laurence Olivier
9%
Mark Rylance
9%
Max Von Sydow
9%
Ned Beatty
9%
Oliver Reed
9%
Pete Postlethwaite
9%
Raul Julia
9%
Richard Harris
9%
Robert Englund
9%
William Fichtner
9%
William Zabka
9%
Ben Barnes
8%
Buster Keaton
8%
Harry Dean Stanton
8%
James Cromwell
8%
James Nesbitt
8%
Jeffrey Tambor
8%
Joe Lo Truglio
8%
John Ratzenberger
8%
Kevin Kline
8%
Michael Chiklis
8%
Michael Palin
8%
Rip Torn
8%
Alexander Ludwig
7%
Brian Blessed
7%
Brian Tyree Henry
7%
Christopher Meloni
7%
Crispin Glover
7%
George Kennedy
7%
Glenn Howerton
7%
James Hong
7%
James Mason
7%
Jared Harris
7%
Jay Baruchel
7%
Martin Landau
7%
Peter Fonda
7%
Temuera Morrison
7%
Tim Blake Nelson
7%
Tom Berenger
7%
Tom Skerritt
7%
Victor Garber
7%
Ben McKenzie
6%
Brad Garrett
6%
Danny Huston
6%
Dom DeLuise
6%
Doug Jones
6%
Dulé Hill
6%
Edward Furlong
6%
Hervé Villechaize
6%
Ioan Gruffud
6%
Jack Palance
6%
James Remar
6%
Jason Robards
6%
Jonathan Frakes
6%
Julian Sands
6%
Peter Stormare
6%
Ray Stevenson
6%
Rex Harrison
6%
Rod Steiger
6%
Tyler James Williams
6%
Wayne Knight
6%
William Holden
6%
Xolo Maridueña
6%
Barry Pepper
5%
Burl Ives
5%
Donal Logue
5%
Fred Ward
5%
Jeff Garlin
5%
Joe Pantoliano
5%
Julian Glover
5%
Paddy Considine
5%
Paul Freeman
5%
Peter Ustinov
5%
Ralph Ineson
5%
Richard Armitage
5%
Richard Jenkins
5%
R. Lee Ermey
5%
Rupert Friend
5%
Bela Lugosi
4%
Bradley Whitford
4%
John C. McGinley
4%
Kenny Baker
4%
Kristofer Hivju
4%
Mackenzie Crook
4%
Peter Finch
4%
Rob McElhenney
4%
Walter Brennan
4%
Zach Cherry
4%
Billy Magnussen
3%
Bokeem Woodbine
3%
Bruce Glover
3%
Doug Bradley
3%
Eddie Marsan
3%
Jeffrey DeMunn
3%
Jimmi Simpson
3%
Larry Linville
3%
Mark Addy
3%
Rory McCann
3%
Steve Pemberton
3%
Van Heflin
3%
William Powell
3%
Bud Cort
2%
Cliff Robertson
2%
Curtis Armstrong
2%
Fredric March
2%
Gary Burghoff
2%
Jack Soo
2%
Kane Hodder
2%
Keir Dullea
2%
Lil Rel Howery
2%
Paul Muni
2%
Terry Jones
2%
Tom Noonan
2%
Toshiro Mifune
2%
Aamir Khan
1%
Hugh Griffith
1%
Lionel Barrymore
1%
Melvyn Douglas
1%
Michael Redgrave
1%
Robert Donat
1%
Simon Russell Beale
1%
Dan Hicks
0%
Ian McElhinney
0%
Jeffrey Combs
0%
Joseph Gatt
0%
No matching quizzes found
Score Distribution
Percent of People with Each Score
Percentile by Number Answered
Your Score History
You have not taken this quiz